000 00412nam a2200145 i 4500
001 42852
003 ES-MaACL
007 t|
008 030314s1928 sp ||||1| spa d
100 1 _aCernuda Canelo, Lorenzo.
_937537
245 1 0 _aHombre
_b: (poesias) /
_cLorenzo Cernuda Canelo.
260 _aMadrid :
_b[s.n.,
_c1928] (
_fTalleres Poligráficos)
300 _a176 p. ;
_c19 cm.
852 _aES-MaACL
_jG-13873
999 _c42852
_d42852